000 00646nam a2200205Ia 4500
005 20260121110300.0
008 008 260114s9999 xx 000 0 hin d
020 _a9788132351726
037 _aEBOOK
040 _aCRL
_bhin
_cCRL
041 _ahin
_2hin
084 _qCRL
100 _aआशुतोष झा / Ashutosh Jha
_9944269
245 0 _aगायन, वादन एवं नृत्य / Gayan, Wadan aur Nritya
260 _bभाषा प्रकाशन / Bhasha Prakashan
_c2020
856 _uhttps://bhashaprakashan.com/product-details/378512
942 _cEBOOK
999 _c1535933
_d1535933